| 000 | 00530nam a2200181Ia 4500 | ||
|---|---|---|---|
| 008 | 140925s9999 xx 000 0 und d | ||
| 100 | _aG.A., Fava. | ||
| 245 |
_aPsychotherapy and Psychosomatics / _cFava G.A. _h[electronic resource] |
||
| 260 |
_bS. Karger AG, Basel, _cc2014. |
||
| 516 | _aElectronic text | ||
| 650 | _aPsychiatric. | ||
| 650 | _aPsychology. | ||
| 650 | _aPsychosomatics. | ||
| 830 | _aS. Karger AG, Basel | ||
| 856 | _uhttp://www.karger.com/Journal/Home/223864 | ||
| 942 | _cEJ | ||
| 999 |
_c275629 _d275629 |
||